000 01457nam0a2200337 4500
001 RU\NLR\bibl\1378411
005 20260607070102.0
010 _a978-5-91181-254-6
_97000
021 _aRU
_b2009-26962
_91605
035 _a(nilc)RSL-KNO-004274250
035 _a(NLR Aleph) 001370515
090 _a1038694
_c1038694
100 _a20090410d2008 |||y0rusy50 ca
101 1 _arus
_cnor
102 _aRU
105 _aa |||||||||
200 1 _aСамсон и Роберто
_iНеожиданное наследство
_e[повесть-сказка
_eдля детей среднего школьного возраста]
_fИнгвар Амбьернсен
_g[пер. с норвежского Инны Стребловой
_gхудож. Н. Воронцов]
210 _aСанкт-Петербург
_cАзбука-классика
_d2008
215 _a176, [32] с.
_cцв. ил.
_d21
610 2 _aДетская литература
686 _aШ9(2)72(4Нр)
_2rubbk
686 _aШ9(4Нр)62-4
700 1 _4070
_7ca
_8rus
_aАмбьернсен
_bИ.
_f1956-
_gИнгвар
_928393
_3RU\NLR\auth\7745455
702 1 _4040
_7ca
_8rus
_aВоронцов
_bН. П.
_cхудожник
_f1959-
_gНиколай Павлович
_942965
_3RU\NLR\auth\7760034
801 0 _aRU
_bРГБ
_c20090410
_grcr
801 1 _aRU
_bРГБ
_c20090410
801 2 _aRU
_bNLR
_c20090605
_grcr
942 _cBOOK
980 _aNB